[Event "HUN-chT2 Erkel 0607"]
[Site "Hungary"]
[Date "2007.02.18"]
[Round "5"]
[White "Simon, Laszlo"]
[Black "Papista, Akos"]
[Result "1/2-1/2"]
[WhiteElo "2210"]
[BlackElo "2161"]
[PlyCount "98"]
[EventDate "2006.11.12"]
[EventType "team"]
[EventRounds "11"]
[EventCountry "HUN"]
[SourceTitle "EXT 2008"]
[Source "ChessBase"]
[SourceDate "2007.11.25"]
[SourceVersion "1"]
[SourceVersionDate "2007.11.25"]
[SourceQuality "1"]
[WhiteTeam "Heesi II"]
[BlackTeam "Keviterv"]
[WhiteTeamCountry "HUN"]
[BlackTeamCountry "HUN"]

1. e4 e5 2. Nf3 Nc6 3. Bb5 a6 4. Ba4 d6 5. 0-0 Bd7 6. c3 g6 7. d4 Bg7 8. dxe5 dxe5 9. Qe2 Nge7 10. Rd1 Qc8 11. Bg5 f6 12. Be3 b6 13. Bb3 Na5 14. Bd5 Bb5 15. Qc2 Nxd5 16. exd5 Nc4 17. b3 Nxe3 18. fxe3 0-0 19. c4 Bd7 20. Nbd2 Re8 21. e4 Bf8 22. a3 a5 23. Qc3 Bc5+ 24. Kh1 Bg4 25. Rf1 Bxf3 26. Qxf3 Rf8 27. Qg3 Qd7 28. a4 Rf7 29. Rf3 Raf8 30. Raf1 Bb4 31. Qf2 Bxd2 32. Qxd2 Qg4 33. Re1 f5 34. h3 Qh4 35. Qf2 Qe7 36. exf5 Rxf5 37. Rxf5 Rxf5 38. Qe3 h5 39. Kg1 Kg7 40. Re2 Qh4 41. d6 cxd6 42. Qxb6 Qf4 43. Re1 Qg3 44. Rf1 Qd3 45. Qc7+ Kh6 46. Rxf5 gxf5 47. Qe7 Qd4+ 48. Kh1 e4 49. h4 Qf2 1/2-1/2

[Event "HUN-chT2 Erkel 0607"]
[Site "Hungary"]
[Date "2006.12.17"]
[Round "4"]
[White "Simon, Laszlo"]
[Black "Repasi, Zoltan"]
[Result "1/2-1/2"]
[WhiteElo "2210"]
[BlackElo "2127"]
[PlyCount "100"]
[EventDate "2006.11.12"]
[EventType "team"]
[EventRounds "11"]
[EventCountry "HUN"]
[SourceTitle "EXT 2008"]
[Source "ChessBase"]
[SourceDate "2007.11.25"]
[SourceVersion "1"]
[SourceVersionDate "2007.11.25"]
[SourceQuality "1"]
[WhiteTeam "Heesi II"]
[BlackTeam "Dunaharaszti II"]
[WhiteTeamCountry "HUN"]
[BlackTeamCountry "HUN"]

1. e4 c5 2. Nf3 d6 3. d4 cxd4 4. Nxd4 Nf6 5. Nc3 a6 6. f3 e5 7. Nb3 Be6 8. Be3 Nbd7 9. Qd2 Be7 10. g4 Nb6 11. 0-0-0 Qc7 12. Kb1 Rc8 13. h4 Nc4 14. Bxc4 Bxc4 15. h5 h6 16. Rh2 b5 17. Nd5 Nxd5 18. exd5 Bxb3 19. axb3 Bf6 20. g5 hxg5 21. Bxg5 Qe7 22. Be3 Qd7 23. Qd3 a5 24. Rg1 a4 25. bxa4 bxa4 26. Rg4 Rb8 27. Qe4 Qb5 28. Qxa4 0-0 29. Qxb5 Rxb5 30. Bg5 Bxg5 31. Rxg5 Rxd5 32. b3 f6 33. Rg1 Kf7 34. Rhg2 Rg8 35. Rg6 Rd2 36. h6 Rd1+ 37. Rxd1 Kxg6 38. hxg7 Rxg7 39. Rxd6 Kf5 40. b4 Rf7 41. b5 Kf4 42. b6 Kxf3 43. c4 f5 44. c5 Rb7 45. Kc2 e4 46. c6 Rxb6 47. c7 Rxd6 48. c8Q Rd5 49. Qe6 Rc5+ 50. Kd2 Rb5 1/2-1/2

[Event "HUN-chT2 Erkel 0607"]
[Site "Hungary"]
[Date "2006.11.26"]
[Round "2"]
[White "Czegledi, Laszlo"]
[Black "Simon, Laszlo"]
[Result "1-0"]
[WhiteElo "2209"]
[BlackElo "2210"]
[PlyCount "68"]
[EventDate "2006.11.12"]
[EventType "team"]
[EventRounds "11"]
[EventCountry "HUN"]
[SourceTitle "EXT 2008"]
[Source "ChessBase"]
[SourceDate "2007.11.25"]
[SourceVersion "1"]
[SourceVersionDate "2007.11.25"]
[SourceQuality "1"]
[WhiteTeam "Szekuritas"]
[BlackTeam "Heesi II"]
[WhiteTeamCountry "HUN"]
[BlackTeamCountry "HUN"]

1. e4 c5 2. d3 e6 3. g3 d5 4. Nd2 Nc6 5. Bg2 Nf6 6. Ngf3 dxe4 7. dxe4 Be7 8. 0-0 Qc7 9. Re1 e5 10. c3 0-0 11. Qc2 h6 12. Nf1 Rd8 13. Nh4 Kh7 14. f4 g6 15. f5 Ng8 16. Nf3 g5 17. Ne3 f6 18. Nd5 Qb8 19. Be3 b6 20. h4 Kg7 21. Qe2 Bd7 22. Kf2 Be8 23. g4 Bf7 24. Rad1 Rd6 25. Nd2 Bf8 26. Qf3 Nce7 27. Nc4 Rd8 28. hxg5 hxg5 29. Rh1 Nxd5 30. exd5 Bd6 31. Qh3 Qc8 32. Qh8+ Kf8 33. Rh7 Qd7 34. Qg7+ Ke8 1-0